[Event "Yerevan op 2nd"]
[Site "Yerevan"]
[Date "2017.09.23"]
[Round "5"]
[White "Qaloyan, Ishkhan"]
[Black "Nazemi, Pedram"]
[Result "0-1"]
[WhiteElo "1317"]
[BlackElo "1978"]
[PlyCount "40"]
[EventDate "2017.09.19"]
[EventType "swiss"]
[EventRounds "9"]
[EventCountry "ARM"]
[SourceTitle "CBM 180 Extra"]
[Source "ChessBase"]
[SourceDate "2017.10.06"]
[SourceVersion "1"]
[SourceVersionDate "2017.10.06"]
[SourceQuality "1"]

1. c4 e5 2. Nc3 Nf6 3. Nf3 Nc6 4. d4 exd4 5. Nxd4 Bc5 6. e3 0-0 7. Be2 Re8 8. 0-0 Qe7 9. Bf3 Ne5 10. b3 d6 11. h3 c6 12. Bb2 h6 13. Re1 Nh7 14. Kh2 Qh4 15. Kg1 Ng5 16. Bg4 Bxg4 17. hxg4 Bxd4 18. f3 Nexf3+ 19. gxf3 Qg3+ 20. Kf1 Nxf3 0-1